| 000 | 01272cam a22003375a 4500 | ||
|---|---|---|---|
| 001 | 016045452 | ||
| 003 | EG-ScBUE | ||
| 005 | 20221215123953.0 | ||
| 008 | 120228s2012 vraa f 000 0 eng d | ||
| 020 | _a9781864703399 | ||
| 040 |
_aStDuBDS _beng _erda _cStDuBDS _dIeDuTC _dUk _dEG-ScBUE |
||
| 043 | _an-us--- | ||
| 082 | 0 | 4 |
_222 _a725.57 _bDES |
| 245 | 0 | 0 |
_aDesigning the world's best : _bchildren's hospitals : future of healing environments / _ceditor and creator Bruce King Komiske. |
| 246 | 3 | 0 | _aChildren's hospitals |
| 246 | 3 | 0 | _aFuture of healing environments |
| 264 |
_aMulgrave, Victoria : _bImages Publishing ; _c2012. |
||
| 300 |
_a3 volumes : _billustrations ; _c31 cm |
||
| 505 | 2 | _aVolume 3. The future of healing environments. | |
| 650 | 7 |
_aHospital architecture _zUnited States. _2BUEsh _911648 |
|
| 650 | 7 |
_aHospital architecture. _2BUEsh _926068 |
|
| 650 | 7 |
_aArchitecture and children. _2BUEsh |
|
| 650 | 7 |
_aArchitecture and society _2BUEsh _91899 |
|
| 650 | 7 |
_aChildren _xHospitals _zUnited States _xDesign and construction. _2BUEsh |
|
| 650 | 7 |
_aChildren _xHospitals _xDesign and construction. _2BUEsh |
|
| 651 | _2BUEsh | ||
| 653 |
_bENGARC _cNovember2017 |
||
| 655 | _vReading book | ||
| 700 | 1 |
_aKomiske, Bruce King, _eeditor. |
|
| 942 |
_2ddc _cBB |
||
| 999 |
_c25643 _d25615 |
||